000 00787ntm a22001937a 4500
008 170802s2011 xx a frb 000 0 eng d
040 _aEG-ScBUE
_beng
_cEG-ScBUE
082 0 4 _a624
_bLOT
_222
100 1 _aLotfy, Marina Reda.
245 1 0 _aSoil structure interaction simulation in boundary elements methods for building foundations /
_cby Marina Reda Lotfy.
260 _c2011
300 _aix, 170 p. :
_bill. (col.) ;
_c28 cm.
500 _aA dissertation submitted to the faculty of Engineering, the British university in Egypt, in partial fulfillment of the requirements for the Bachelor degree in Civil Engineering.
590 _aMirna
650 _aCivil Engineering.
_vProjects
_2BUEsh
653 _bENGCIV
_cAugust2017
700 1 _aRashed, Youssef.
_eths
_934670
942 _2ddc
999 _c25223
_d25195